Statistics for Disney characters beginning with the letter O

Click here to take the quiz!

General Stats

  • This quiz has been taken 21 times
  • The average score is 3 of 10

Answer Stats

Answer% Correct
Olaf
84%
Oliver
58%
Oaken
26%
Owl
26%
Orwen
21%
Onus
16%
Orddu
16%
Otto
16%
Orgoch
11%
Oswald the lucky rabbit
11%

Score Distribution

Percentile by Number Answered

Percent of People with Each Score

Your Score History

You have not taken this quiz